[Event "BL 0405"]
[Site "Erfurter SK - SF Katernberg"]
[Date "2005.02.12"]
[Round "10.2"]
[White "Votava, Jan"]
[Black "Naiditsch, Arkadij"]
[Result "1/2-1/2"]
[WhiteElo "2516"]
[BlackElo "2574"]
[PlyCount "113"]
[EventDate "2005.??.??"]

1. d4 Nf6 2. c4 e6 3. Nf3 b6 4. g3 Ba6 5. b3 Bb4+ 6. Bd2 Be7 7. Bg2 c6 8. Bc3
d5 9. Nbd2 Nbd7 10. O-O O-O 11. Re1 c5 12. e4 dxc4 13. Nxc4 Bb7 14. e5 Ne4 15.
Bb2 b5 16. Ne3 Nb6 17. Nd2 cxd4 18. Nxe4 dxe3 19. Rxe3 Qxd1+ 20. Rxd1 Bd5 21.
Bd4 b4 22. Re2 Rfd8 23. Red2 Nd7 24. f4 Kf8 25. Nd6 Bxg2 26. Kxg2 Nb6 27. Bxb6
axb6 28. Kf3 Rd7 29. Rc1 g5 30. Rc6 Rda7 31. Nc8 Rxa2 32. Rd7 Bc5 33. Rcc7 Kg8
34. Nd6 gxf4 35. Nxf7 Rxh2 36. gxf4 Raa2 37. Ng5 Rhf2+ 38. Ke4 Rae2+ 39. Kd3
Rd2+ 40. Kc4 Rxf4+ 41. Kb5 Rxd7 42. Rxd7 Rd4 43. Nxh7 Rxd7 44. Nf6+ Kf7 45.
Nxd7 Be7 46. Nxb6 Kg6 47. Nc8 Bh4 48. Na7 Be1 49. Nc6 Bc3 50. Kc5 Kf5 51. Kd6
Bb2 52. Ne7+ Ke4 53. Nc6 Kf5 54. Ne7+ Ke4 55. Kxe6 Bxe5 56. Nc6 Bh2 57. Nxb4
1/2-1/2

[Event "BL 0405"]
[Site "Erfurter SK - SF Katernberg"]
[Date "2005.02.12"]
[Round "10.3"]
[White "Glek, Igor V"]
[Black "Machelett, Heiko"]
[Result "1/2-1/2"]
[WhiteElo "2578"]
[BlackElo "2401"]
[PlyCount "72"]
[EventDate "5.02.12"]

1. e4 c5 2. Nf3 e6 3. Nc3 a6 4. g3 Nc6 5. Bg2 Nge7 6. O-O b5 7. d3 Bb7 8. Ng5
h6 9. Nh3 g6 10. f4 Nd4 11. Be3 Bg7 12. Qd2 d5 13. Nd1 c4 14. e5 Ndf5 15. Bf2
h5 16. d4 Nc6 17. Ng5 Bf8 18. h3 Be7 19. Nf3 Kd7 20. g4 hxg4 21. hxg4 Nh4 22.
Bxh4 Bxh4 23. Bh3 Be7 24. Kg2 Kc7 25. Ne3 Qg8 26. Rh1 Qg7 27. Kg3 Raf8 28. g5
Kb8 29. b3 cxb3 30. axb3 Rc8 31. Bg2 Rxh1 32. Rxh1 Qf8 33. c4 Bb4 34. Qd3 dxc4
35. bxc4 Ne7 36. c5 Qd8 1/2-1/2

[Event "BL 0405"]
[Site "Erfurter SK - SF Katernberg"]
[Date "2005.02.12"]
[Round "10.4"]
[White "Brueggemann, Joachim"]
[Black "Chuchelov, Vladimir"]
[Result "0-1"]
[WhiteElo "2408"]
[BlackElo "2574"]
[PlyCount "135"]
[EventDate "2005.??.??"]

1. e4 c5 2. Nf3 Nc6 3. d4 cxd4 4. Nxd4 Nf6 5. Nc3 e5 6. Ndb5 d6 7. Bg5 a6 8.
Na3 b5 9. Bxf6 gxf6 10. Nd5 f5 11. Bd3 Be6 12. O-O Bxd5 13. exd5 Ne7 14. c3 Bg7
15. Qh5 e4 16. Bc2 Qc8 17. Rae1 O-O 18. Bb3 Re8 19. Nc2 a5 20. a3 Ng6 21. f4
exf3 22. Qxf3 f4 23. Re4 Qc5+ 24. Kh1 Re5 25. Ne1 Rxe4 26. Qxe4 Qe3 27. Bc2 b4
28. axb4 axb4 29. Qxb4 Ra1 30. Qe4 Ne5 31. Qxh7+ Kf8 32. Qh4 Bf6 33. Qxf6 Qxe1
34. Qxd6+ Kg8 35. Qb8+ Kg7 36. Qxe5+ Qxe5 37. Rxa1 Qe2 38. Kg1 Qxc2 39. Rf1 Qd2
40. h3 Kf8 41. Rf3 Ke7 42. b4 Kd6 43. Kh2 Ke5 44. h4 Kf5 45. h5 Kg5 46. Rh3 Kh6
47. Kg1 Qxd5 48. Kh2 Qd6 49. Kg1 Qd1+ 50. Kf2 Qc1 51. Rf3 Kxh5 52. Rh3+ Kg6 53.
Rf3 Kg5 54. Rh3 Kf5 55. Rf3 Ke4 56. Rh3 Kd5 57. Rf3 Kc4 58. Rh3 Kb3 59. b5 Kc2
60. b6 Kd2 61. b7 Qe1+ 62. Kf3 Qf1+ 63. Ke4 Qxg2+ 64. Rf3 Ke2 65. b8=Q Qxf3+
66. Kf5 Qh3+ 67. Ke4 Qe3+ 68. Kf5 0-1

[Event "BL 0405"]
[Site "Erfurter SK - SF Katernberg"]
[Date "2005.02.12"]
[Round "10.5"]
[White "L`Ami, Erwin"]
[Black "Mueller, Matthias"]
[Result "1-0"]
[WhiteElo "2486"]
[BlackElo "2395"]
[PlyCount "163"]
[EventDate "2005.??.??"]

1. d4 d5 2. c4 e6 3. Nf3 c6 4. Nc3 Nf6 5. Bg5 Nbd7 6. e3 Qa5 7. cxd5 Nxd5 8.
Qd2 Bb4 9. Rc1 h6 10. Bh4 c5 11. a3 Bxc3 12. bxc3 b6 13. c4 Qxd2+ 14. Nxd2 N5f6
15. f3 Ba6 16. Bg3 O-O 17. Nb3 Rfd8 18. Be2 Rac8 19. Kf2 cxd4 20. exd4 Nh5 21.
Bd6 Nb8 22. Bb4 Nf4 23. Bf1 Nc6 24. Bc3 Ng6 25. Be2 Nf4 26. Bf1 Ng6 27. g3 Nce7
28. Bb2 Nf5 29. Bd3 Nd6 30. Nd2 Ne7 31. Rhd1 Nc6 32. Nb3 b5 33. Nc5 bxc4 34.
Bf1 Nb8 35. a4 c3 36. Rxc3 Bxf1 37. Rxf1 Nc6 38. Rd1 Nf5 39. Nb7 Rd5 40. Rc5
Rb8 41. Rxc6 Rxb7 42. Rd2 Rbd7 43. g4 Nxd4 44. Rxd4 Rxd4 45. Bxd4 Rxd4 46. Rc8+
Kh7 47. Rc7 Rxa4 48. Rxf7 Kg6 49. Rb7 Kf6 50. h4 a5 51. Ra7 Ra1 52. Kg2 a4 53.
Ra5 a3 54. Ra7 g5 55. hxg5+ hxg5 56. Ra5 e5 57. Kg3 Ke6 58. Kh2 Kd6 59. Kg2 Kc6
60. Rxe5 Rb1 61. Ra5 Rb2+ 62. Kg3 a2 63. f4 Kb6 64. Ra8 Kb5 65. fxg5 Kb4 66. g6
Rb3+ 67. Kh4 Ra3 68. Rxa3 Kxa3 69. g7 a1=Q 70. g8=Q Qe1+ 71. Kh5 Qh1+ 72. Kg6
Qb1+ 73. Kh6 Qh1+ 74. Kg7 Qa1+ 75. Kf7 Qf1+ 76. Ke7 Qf4 77. Qa8+ Kb2 78. Qb7+
Ka2 79. Qa6+ Kb1 80. Qb5+ Ka2 81. Qd5+ Kb1 82. Qf5+ 1-0

[Event "BL 0405"]
[Site "Erfurter SK - SF Katernberg"]
[Date "2005.02.12"]
[Round "10.6"]
[White "Voekler, Bernd"]
[Black "Senff, Martin"]
[Result "0-1"]
[WhiteElo "2376"]
[BlackElo "2430"]
[PlyCount "114"]
[EventDate "2005.??.??"]

1. e4 c5 2. Nf3 d6 3. d4 cxd4 4. Nxd4 Nf6 5. Nc3 a6 6. Bc4 e6 7. Bb3 b5 8. O-O
Be7 9. f4 Bb7 10. e5 dxe5 11. fxe5 Bc5 12. Be3 Bxd4 13. Bxd4 Nc6 14. Bc5 Qxd1
15. Rfxd1 Nd7 16. Bd6 Ndxe5 17. a4 b4 18. Na2 O-O-O 19. c3 Na5 20. Bxe6+ fxe6
21. Bxe5 b3 22. Nb4 Nc4 23. Bf4 e5 24. Bg5 Rxd1+ 25. Rxd1 Nxb2 26. Rb1 Nc4 27.
Rxb3 h6 28. Bh4 g5 29. Be1 Rd8 30. Rb1 a5 31. Nc2 Be4 32. Rc1 Kc7 33. Bg3 Rd2
34. Ne1 g4 35. Ra1 Kc6 36. Bf2 Bf5 37. h3 gxh3 38. gxh3 Bxh3 39. Nf3 Rd3 40.
Nh4 Rxc3 41. Re1 Rd3 42. Ng6 Kd5 43. Rb1 Bf5 44. Rb5+ Ke4 45. Rc5 Bxg6 46.
Rxc4+ Kf3 47. Bb6 Rd1+ 48. Kh2 Rd2+ 49. Kg1 Rd1+ 50. Kh2 Rd2+ 51. Kg1 Kg3 52.
Rc3+ Bd3 53. Bf2+ Rxf2 54. Rxd3+ Rf3 55. Rd5 Ra3 56. Kf1 Kf3 57. Ke1 Rxa4 0-1

[Event "BL 0405"]
[Site "Erfurter SK - SF Katernberg"]
[Date "2005.02.12"]
[Round "10.7"]
[White "Thesing, Matthias"]
[Black "Enders, Peter"]
[Result "1/2-1/2"]
[WhiteElo "2420"]
[BlackElo "2456"]
[PlyCount "87"]
[EventDate "2005.??.??"]

1. e4 c5 2. Nc3 Nc6 3. Bb5 g6 4. Bxc6 dxc6 5. d3 Bg7 6. Be3 Qb6 7. Qc1 Nf6 8.
h3 O-O 9. Nge2 Nd7 10. O-O e5 11. b3 Qd8 12. Bh6 Qf6 13. Kh1 b6 14. Qd2 Bb7 15.
Bxg7 Qxg7 16. f4 exf4 17. Rxf4 Ne5 18. Raf1 f6 19. Ng1 Qe7 20. R4f2 Rad8 21.
Nf3 Ba6 22. Nxe5 Qxe5 23. Ne2 Kg7 24. Qc3 Qxc3 25. Nxc3 Bc8 26. Kh2 Be6 27. g4
Rf7 28. Kg3 b5 29. h4 a5 30. g5 fxg5 31. Rxf7+ Bxf7 32. hxg5 a4 33. Rf6 axb3
34. axb3 Be8 35. e5 c4 36. dxc4 bxc4 37. Ne4 cxb3 38. Nc5 Bf7 39. cxb3 Rd5 40.
Rxc6 Rxe5 41. Kg4 h5+ 42. gxh6+ Kxh6 43. b4 Bc4 44. Rd6 1/2-1/2

[Event "BL 0405"]
[Site "Werder Bremen - Mülheim Nord"]
[Date "2005.02.12"]
[Round "10.2"]
[White "Pelletier, Yannick"]
[Black "Schebler, Gerhard"]
[Result "1-0"]
[WhiteElo "2597"]
[BlackElo "2463"]
[PlyCount "79"]
[EventDate "2005.??.??"]

1. Nf3 Nc6 2. e4 e5 3. Bb5 Nf6 4. Nc3 Bb4 5. O-O O-O 6. d3 Bxc3 7. bxc3 d6 8.
Re1 Bd7 9. d4 Re8 10. Bg5 h6 11. Bh4 Qe7 12. Rb1 a6 13. Bxc6 Bxc6 14. d5 Bb5
15. c4 Bxc4 16. Nd2 Bb5 17. c4 Bd7 18. Bxf6 Qxf6 19. Rxb7 Qd8 20. c5 Bc8 21.
Rb2 f5 22. Nc4 Rf8 23. Qd2 fxe4 24. Qa5 Qe7 25. cxd6 cxd6 26. Qb6 Rd8 27. Rxe4
Bf5 28. Re1 Bd3 29. Qb3 Bxc4 30. Qxc4 Rdc8 31. Qd3 Qc7 32. Qg6 Rab8 33. Rxb8
Rxb8 34. h3 Rb2 35. Re3 Qf7 36. Qxf7+ Kxf7 37. Ra3 Rd2 38. Ra5 Rd1+ 39. Kh2
Rxd5 40. Rxd5 1-0

[Event "BL 0405"]
[Site "Werder Bremen - Mülheim Nord"]
[Date "2005.02.12"]
[Round "10.3"]
[White "Saltaev, Mihail"]
[Black "Efimenko, Zahar"]
[Result "1-0"]
[WhiteElo "2497"]
[BlackElo "2572"]
[PlyCount "135"]
[EventDate "2005.??.??"]

1. e4 e5 2. Nf3 Nf6 3. Nxe5 d6 4. Nf3 Nxe4 5. Qe2 Qe7 6. d3 Nf6 7. Bg5 Qxe2+ 8.
Bxe2 Be7 9. Nc3 h6 10. Bf4 Nc6 11. O-O-O Be6 12. h3 O-O-O 13. a3 g5 14. Be3
Rhe8 15. d4 Nd5 16. Nxd5 Bxd5 17. c4 Bxf3 18. Bxf3 f5 19. Bh5 Rf8 20. Rd3 Bf6
21. f3 a5 22. b3 b6 23. Bg6 Ne7 24. Bh5 d5 25. Rhd1 a4 26. c5 bxc5 27. dxc5
axb3 28. Rxb3 d4 29. Bd2 Nd5 30. g4 Be5 31. Re1 Bf4 32. Re6 Bxd2+ 33. Kxd2 Nf4
34. Rxh6 Rd5 35. c6 Rd6 36. Rxd6 cxd6 37. Rb7 d5 38. Ra7 Kb8 39. Rb7+ Ka8 40.
Rd7 Rc8 41. Bf7 fxg4 42. fxg4 Rxc6 43. Bxd5 Nxd5 44. Rxd5 Rc3 45. Rxg5 Rxh3 46.
Rd5 Rxa3 47. Rxd4 Kb7 48. Ke2 Kc6 49. Kf2 Rb3 50. Rd1 Ra3 51. Kg2 Rb3 52. Kh2
Ra3 53. Rg1 Kd5 54. Rg3 Ra2+ 55. Kh3 Ke4 56. Rb3 Ra1 57. Rb5 Ra8 58. Kh4 Rh8+
59. Rh5 Rf8 60. Rh6 Kf4 61. Kh5 Ke5 62. g5 Rf1 63. Ra6 Rg1 64. Kh6 Kf5 65. g6
Rb1 66. Kh7 Rh1+ 67. Kg8 Rh6 68. Kf7 1-0

[Event "BL 0405"]
[Site "Werder Bremen - Mülheim Nord"]
[Date "2005.02.12"]
[Round "10.4"]
[White "Babula, Vlastimil"]
[Black "Hausrath, Daniel"]
[Result "1-0"]
[WhiteElo "2569"]
[BlackElo "2469"]
[PlyCount "127"]
[EventDate "2005.??.??"]

1. d4 Nf6 2. c4 g6 3. Nc3 Bg7 4. e4 d6 5. Nf3 O-O 6. Be2 c5 7. O-O cxd4 8. Nxd4
Nc6 9. Be3 Bd7 10. Qd2 a5 11. b3 a4 12. f3 Qa5 13. Rab1 axb3 14. Nxb3 Qa3 15.
c5 Be6 16. cxd6 Qxd6 17. Qxd6 exd6 18. Rfd1 Nd7 19. Nb5 Rxa2 20. Nc1 Rb2 21.
Rxb2 Bxb2 22. Nxd6 Ra8 23. Nxb7 Nde5 24. Nc5 Bc4 25. N1d3 Bc3 26. Bf1 Nxd3 27.
Nxd3 Ra1 28. Nb2 Rxd1 29. Nxd1 Bxf1 30. Kxf1 Ba1 31. Bd2 Be5 32. g3 f6 33. Bc3
Kf7 34. Bxe5 Nxe5 35. Ke2 Ke6 36. Ne3 h5 37. f4 Nc6 38. Kd3 Ne7 39. Kd4 Nc6+
40. Kc5 Nd8 41. Nc4 Nf7 42. h3 Nh6 43. Nd2 g5 44. Nf3 gxf4 45. gxf4 Nf7 46.
Nd4+ Kd7 47. Kd5 Nd6 48. e5 fxe5 49. fxe5 Nc8 50. e6+ Ke8 51. Nf5 Kf8 52. h4
Nb6+ 53. Ke5 Ke8 54. Ke4 Kf8 55. Kd4 Ke8 56. Ke5 Kf8 57. Ne3 Nc8 58. Nd5 Ke8
59. Nf6+ Ke7 60. Nd5+ Ke8 61. Kf6 Nd6 62. Kg6 Nb5 63. Kxh5 Nd4 64. Nf4 1-0

[Event "BL 0405"]
[Site "Werder Bremen - Mülheim Nord"]
[Date "2005.02.12"]
[Round "10.5"]
[White "Wegener, Olaf"]
[Black "Nyback, Tomi"]
[Result "0-1"]
[WhiteElo "2417"]
[BlackElo "2562"]
[PlyCount "74"]
[EventDate "2005.??.??"]

1. e4 e5 2. Nf3 Nc6 3. Bb5 a6 4. Ba4 Nf6 5. O-O Be7 6. Re1 b5 7. Bb3 O-O 8. h3
d6 9. c3 Nb8 10. d4 Nbd7 11. Nbd2 Bb7 12. a4 c6 13. Nf1 Qc7 14. Ng3 Rfe8 15.
Nf5 Bf8 16. Ng5 d5 17. dxe5 Nxe5 18. f4 Ng6 19. e5 h6 20. exf6 hxg5 21. fxg5
Nf4 22. Re7 Bxe7 23. Nxe7+ Rxe7 24. fxe7 Nxh3+ 25. gxh3 Qg3+ 26. Kh1 Qxh3+ 27.
Kg1 Qg3+ 28. Kf1 Re8 29. Qe2 Bc8 30. Qe3 Bh3+ 31. Ke2 Bg4+ 32. Kf1 Bh3+ 33. Ke2
Qg2+ 34. Ke1 Bg4 35. axb5 Rxe7 36. Qxe7 Qg1+ 37. Kd2 Qf2+ 0-1

[Event "BL 0405"]
[Site "Werder Bremen - Mülheim Nord"]
[Date "2005.02.12"]
[Round "10.6"]
[White "Fish, Gennadij"]
[Black "Kern, Guido"]
[Result "1-0"]
[WhiteElo "2523"]
[BlackElo "2355"]
[PlyCount "68"]
[EventDate "5.02.12"]

1. d4 e6 2. c4 Nf6 3. Nc3 d5 4. Bg5 Nbd7 5. cxd5 exd5 6. e3 c6 7. Bd3 Be7 8.
Qc2 Nh5 9. Bxe7 Qxe7 10. Nge2 g6 11. O-O-O Nb6 12. Ng3 Nxg3 13. hxg3 h5 14. e4
dxe4 15. Bxe4 Be6 16. Rhe1 Qf6 17. d5 cxd5 18. Bxd5 O-O 19. Bxe6 fxe6 20. Rd6
Rae8 21. Kb1 Rf7 22. f4 Qf5 23. Qxf5 gxf5 24. Rdxe6 Rxe6 25. Rxe6 Rg7 26. Ne2
Nd5 27. Re5 Ne7 28. Nd4 h4 29. gxh4 Ng6 30. Re8+ Kf7 31. Nxf5 Kxe8 32. Nxg7+
Kf7 33. Nf5 Nxf4 34. g3 Ne2 1-0

[Event "BL 0405"]
[Site "Werder Bremen - Mülheim Nord"]
[Date "2005.02.12"]
[Round "10.7"]
[White "Sielecki, Christof"]
[Black "Skripchenko, Almira"]
[Result "1-0"]
[WhiteElo "2375"]
[BlackElo "2453"]
[PlyCount "93"]
[EventDate "2005.??.??"]

1. d4 d5 2. c4 dxc4 3. Nf3 e6 4. e3 a6 5. Bxc4 c5 6. O-O b5 7. Be2 Nf6 8. dxc5
Qa5 9. Bd2 b4 10. Na3 Bxc5 11. Nc4 Qd8 12. Nfe5 a5 13. Qa4+ Nfd7 14. a3 bxa3
15. b4 Be7 16. Nd3 O-O 17. Nxa5 Nb6 18. Qb3 e5 19. Bc3 Be6 20. Qxa3 Nc6 21.
Nxc6 Rxa3 22. Nxd8 Rxc3 23. Nxe6 fxe6 24. Nxe5 Bf6 25. Ng4 Be7 26. Ne5 Bf6 27.
Ng4 Be7 28. Ra6 Rb8 29. b5 Rc2 30. Bd3 Rc5 31. h3 Rd5 32. Be2 h5 33. Nh2 Bc5
34. Nf3 Kf7 35. h4 Ke7 36. Rc1 Nd7 37. Ng5 Rd6 38. Ne4 Rd5 39. Ng5 Re5 40. Rd1
Bb6 41. Nf3 Re4 42. g3 Nc5 43. Ra3 Ra4 44. Rxa4 Nxa4 45. Ne5 Rb7 46. Bf3 Rc7
47. Bc6 1-0

[Event "BL 0405"]
[Site "Werder Bremen - Mülheim Nord"]
[Date "2005.02.12"]
[Round "10.8"]
[White "Meins, Gerlef"]
[Black "Kaid, Almar"]
[Result "1/2-1/2"]
[WhiteElo "2448"]
[BlackElo "2275"]
[PlyCount "44"]
[EventDate "2005.??.??"]

1. d4 e6 2. Nf3 f5 3. g3 Nf6 4. Bg2 d5 5. O-O Bd6 6. Bg5 O-O 7. c4 c6 8. Nbd2
b6 9. Qc2 Bb7 10. e3 Nbd7 11. Rfc1 Qe8 12. Bf4 Bxf4 13. exf4 Ne4 14. Ne5 Nxe5
15. fxe5 Nxd2 16. Qxd2 f4 17. cxd5 exd5 18. Rc3 Qg6 19. Rac1 Rf7 20. Rf3 Raf8
21. Rxf4 Rxf4 22. gxf4 Qh6 1/2-1/2

[Event "BL 0405 SC Eppingen - Stuttgarter Sfr"]
[Site "?"]
[Date "2005.02.12"]
[Round "10.1"]
[White "Oral, Tomas"]
[Black "Gyimesi, Zoltan"]
[Result "0-1"]
[WhiteElo "2565"]
[BlackElo "2613"]
[PlyCount "59"]
[EventDate "2005.??.??"]

1. b3 d5 2. Bb2 Bg4 3. f3 Bh5 4. Nh3 f6 5. d4 e6 6. e4 Bb4+ 7. c3 Bd6 8. Bd3 c6
9. Nd2 Ne7 10. Qe2 e5 11. dxe5 Bxe5 12. g4 Bg6 13. f4 Bd6 14. O-O-O Nd7 15.
exd5 Bxd3 16. Qxd3 Nc5 17. Qf3 cxd5 18. g5 fxg5 19. Nxg5 Bxf4 20. Nh3 O-O 21.
Nxf4 Rxf4 22. Qe3 Qc7 23. Kb1 Raf8 24. Rhg1 Nf5 25. Qe2 Qe7 26. Qxe7 Nxe7 27.
Nf1 Rd8 28. Ne3 g6 29. Ng4 Ne4 30. Rdf1 0-1

[Event "BL 0405 SC Eppingen - Stuttgarter Sfr"]
[Site "?"]
[Date "2005.02.12"]
[Round "10.3"]
[White "Schmittdiel, Eckhard"]
[Black "Medvegy, Zoltan"]
[Result "1/2-1/2"]
[WhiteElo "2454"]
[BlackElo "2467"]
[PlyCount "110"]
[EventDate "2005.??.??"]

1. d4 Nf6 2. Nf3 c5 3. d5 b5 4. a4 Bb7 5. axb5 Bxd5 6. Bg5 Bb7 7. Nbd2 a6 8.
Bxf6 gxf6 9. e4 Bh6 10. bxa6 Nxa6 11. Bc4 Nc7 12. O-O Rxa1 13. Qxa1 Qa8 14. Re1
Ne6 15. Qxa8+ Bxa8 16. Bd5 O-O 17. Ra1 Nc7 18. Bxa8 Rxa8 19. Rxa8+ Nxa8 20. Nc4
Kf8 21. Kf1 e6 22. Ne1 Ke7 23. Nd3 d5 24. exd5 exd5 25. Ne3 Bxe3 26. fxe3 Kd6
27. Ke2 Nb6 28. b3 Nd7 29. Kf3 c4 30. bxc4 dxc4 31. Nf2 Ke5 32. Ng4+ Ke6 33. e4
Kd6 34. Kf4 Ke6 35. Ne3 Ne5 36. Nf5 Ng6+ 37. Ke3 Ke5 38. Nh6 Ke6 39. Kd4 Nh4
40. g3 Nf3+ 41. Kxc4 Nxh2 42. Kd3 Nf3 43. c4 Ne5+ 44. Kd4 Nf3+ 45. Ke3 Ne5 46.
c5 Kd7 47. Kd4 Kc6 48. Ng8 Nf3+ 49. Ke3 Ng5 50. Nxf6 Kxc5 51. Kf4 h6 52. Ke5
Kc4 53. Ng4 Kd3 54. Nxh6 Nxe4 55. Nxf7 Nxg3 1/2-1/2

[Event "BL 0405 SC Eppingen - Stuttgarter Sfr"]
[Site "?"]
[Date "2005.02.12"]
[Round "10.4"]
[White "Braun, Arik"]
[Black "Reuss, Andreas"]
[Result "1-0"]
[WhiteElo "2480"]
[BlackElo "2356"]
[PlyCount "123"]
[EventDate "2005.??.??"]

1. d4 d5 2. c4 e6 3. Nc3 Nf6 4. cxd5 exd5 5. Bg5 c6 6. e3 Bf5 7. Qf3 Be6 8.
Bxf6 Qxf6 9. Qxf6 gxf6 10. Bd3 Nd7 11. Nge2 Bd6 12. f3 f5 13. Kf2 h5 14. h4
O-O-O 15. Rac1 Kb8 16. Na4 Rc8 17. Nc5 b6 18. Nxd7+ Bxd7 19. f4 Rcg8 20. Ng3
Rg4 21. Be2 Rg6 22. Bf3 Be7 23. a3 a5 24. Rh3 Rgh6 25. Rc2 Bc8 26. Be2 Rg8 27.
Rc1 Bd7 28. Nxh5 c5 29. Bf3 Be6 30. Ke2 c4 31. a4 b5 32. axb5 Ka7 33. Kd2 Kb6
34. Kc2 a4 35. Ng3 Rxh4 36. Rxh4 Bxh4 37. Ne2 a3 38. bxa3 Ra8 39. Ra1 Kxb5 40.
Nc3+ Kc6 41. a4 Bf2 42. Kd2 Rb8 43. Rf1 Rb2+ 44. Kc1 Rb3 45. Rxf2 Rxc3+ 46. Rc2
Rxe3 47. Rxc4+ Kb6 48. Rc5 Ra3 49. Bd1 Rd3 50. Rb5+ Ka6 51. Be2 Re3 52. Kd2 Re4
53. Bd3 Rxf4 54. Rxd5+ Ka7 55. Ra5+ Kb6 56. Rb5+ Ka7 57. Kc3 Bd7 58. Rc5 Kb7
59. a5 Rf2 60. d5 Rxg2 61. d6 Bc6 62. Rxf5 1-0

[Event "BL 0405 SC Eppingen - Stuttgarter Sfr"]
[Site "?"]
[Date "2005.02.12"]
[Round "10.5"]
[White "Vuckovic, Aleksandar"]
[Black "Mann, Christian"]
[Result "0-1"]
[WhiteElo "2325"]
[BlackElo "2455"]
[PlyCount "78"]
[EventDate "2005.??.??"]

1. e4 d5 2. exd5 Qxd5 3. Nc3 Qa5 4. d4 Nf6 5. Nf3 Bg4 6. h3 Bxf3 7. Qxf3 c6 8.
Bd3 e6 9. O-O Nbd7 10. a3 Be7 11. Be3 O-O 12. Qg3 Rfd8 13. b4 Qh5 14. f4 Nf8
15. f5 Bd6 16. Bf4 Bxf4 17. Rxf4 exf5 18. Rxf5 Qh6 19. Raf1 Ng6 20. Ne2 Re8 21.
R1f2 Re7 22. Nf4 Rd8 23. Nxg6 hxg6 24. Re5 Red7 25. c3 Qc1+ 26. Bf1 Qxa3 27.
Rf3 Qc1 28. Kh2 b5 29. Re1 Qh6 30. Rfe3 Nd5 31. Re8+ Kh7 32. Bd3 Nxc3 33. Rxd8
Rxd8 34. Bxg6+ fxg6 35. Qxc3 Qf4+ 36. Kh1 Qxd4 37. Qxc6 Qxb4 38. Re4 Rd1+ 39.
Kh2 Qd6+ 0-1

[Event "BL 0405 SC Eppingen - Stuttgarter Sfr"]
[Site "?"]
[Date "2005.02.12"]
[Round "10.6"]
[White "Schulze, Ulrich"]
[Black "Lorscheid, Gerhard"]
[Result "1-0"]
[WhiteElo "2333"]
[BlackElo "2274"]
[PlyCount "51"]
[EventDate "2005.??.??"]

1. d4 d6 2. Nf3 Nf6 3. c4 g6 4. g3 Bg7 5. Bg2 O-O 6. O-O c6 7. Nc3 Qa5 8. e4
Qh5 9. Ng5 Qxd1 10. Rxd1 c5 11. dxc5 dxc5 12. e5 Ng4 13. f4 Na6 14. h3 Nh6 15.
Be3 f6 16. exf6 exf6 17. Nge4 Re8 18. Bf2 f5 19. Nd6 Re7 20. Nd5 Re6 21. Nb5
Re2 22. Ndc7 Nxc7 23. Nxc7 Rb8 24. Rd8+ Kf7 25. Bd5+ Ke7 26. Re8+ 1-0

[Event "BL 0405 SC Eppingen - Stuttgarter Sfr"]
[Site "?"]
[Date "2005.02.12"]
[Round "10.8"]
[White "Rau, Hannes"]
[Black "Haas, Wilhelm"]
[Result "1-0"]
[WhiteElo "2384"]
[BlackElo "2181"]
[PlyCount "75"]
[EventDate "2005.??.??"]

1. d4 Nf6 2. c4 g6 3. Nc3 Bg7 4. e4 d6 5. Nf3 O-O 6. Be2 e5 7. O-O exd4 8. Nxd4
Re8 9. f3 c6 10. Kh1 Nh5 11. f4 Nf6 12. Bf3 Na6 13. Re1 Qb6 14. Nb3 Be6 15. Be3
Qc7 16. Qe2 b6 17. Rac1 Nc5 18. Nxc5 bxc5 19. b3 Nd7 20. Qd3 Rad8 21. Rcd1 Nf8
22. Na4 f5 23. Bf2 fxe4 24. Qxe4 Bd7 25. Qd3 Bf5 26. Qd2 Rxe1+ 27. Rxe1 Be6 28.
h3 Bf7 29. Bh4 Re8 30. Rxe8 Bxe8 31. Qe3 Kf7 32. Nc3 Bd4 33. Qe1 Bxc3 34. Qxc3
Bd7 35. Qf6+ Kg8 36. Qe7 Ne6 37. Bg4 Qc8 38. Bf6 1-0

[Event "BL 0405 OSC Baden Baden - TV Tegernsee"]
[Site "?"]
[Date "2005.02.12"]
[Round "10.1"]
[White "Khenkin, Igor"]
[Black "Anand, Viswanathan"]
[Result "1/2-1/2"]
[WhiteElo "2587"]
[BlackElo "2781"]
[PlyCount "27"]
[EventDate "2005.??.??"]

1. d4 Nf6 2. c4 e6 3. Nf3 b6 4. Nc3 Bb7 5. a3 d5 6. Bg5 Be7 7. Qa4+ Bc6 8. Qb3
dxc4 9. Qxc4 a6 10. e3 b5 11. Qa2 Bxf3 12. gxf3 Nbd7 13. Rd1 c6 14. Bg2 1/2-1/2

[Event "BL 0405 OSC Baden Baden - TV Tegernsee"]
[Site "?"]
[Date "2005.02.12"]
[Round "10.3"]
[White "Bischoff, Klaus"]
[Black "Vallejo Pons, Francisco"]
[Result "1-0"]
[WhiteElo "2559"]
[BlackElo "2678"]
[PlyCount "61"]
[EventDate "2005.??.??"]

1. c4 e5 2. g3 Nf6 3. Bg2 d5 4. cxd5 Nxd5 5. Nf3 Nc6 6. O-O Nb6 7. d3 Be7 8.
Nbd2 g5 9. b3 g4 10. Ne1 h5 11. Bb2 f6 12. Bxc6+ bxc6 13. Ng2 c5 14. Rc1 h4 15.
Nxh4 Rh5 16. Nc4 Rxh4 17. gxh4 Nd5 18. e3 Nb4 19. f3 Bb7 20. e4 Nxd3 21. Rc2
Nf4 22. Bc1 Nh3+ 23. Kg2 f5 24. Qxd8+ Rxd8 25. Re2 gxf3+ 26. Rxf3 Rd1 27. Rf1
Rd3 28. Rxf5 Bc8 29. Nxe5 Rc3 30. Be3 Ba6 31. Nc4 1-0

[Event "BL 0405 OSC Baden Baden - TV Tegernsee"]
[Site "?"]
[Date "2005.02.12"]
[Round "10.5"]
[White "Kindermann, Stefan"]
[Black "Dautov, Rustem"]
[Result "1/2-1/2"]
[WhiteElo "2536"]
[BlackElo "2623"]
[PlyCount "24"]
[EventDate "2005.??.??"]

1. e4 e5 2. Nf3 Nc6 3. Bb5 Nf6 4. d3 d6 5. O-O g6 6. d4 Bd7 7. dxe5 Nxe5 8. Nc3
Bg7 9. Nxe5 dxe5 10. Bxd7+ Qxd7 11. Qxd7+ Kxd7 12. f3 c6 1/2-1/2

[Event "BL 0405 OSC Baden Baden - TV Tegernsee"]
[Site "?"]
[Date "2005.02.12"]
[Round "10.6"]
[White "Jobava, Baadur"]
[Black "Hertneck, Gerald"]
[Result "0-1"]
[WhiteElo "2614"]
[BlackElo "2552"]
[PlyCount "80"]
[EventDate "2005.??.??"]

1. d4 Nf6 2. c4 e6 3. Nf3 b6 4. Bg5 Bb7 5. Nc3 Bb4 6. Nd2 h6 7. Bh4 Be7 8. e4
d6 9. Bg3 O-O 10. Be2 Nc6 11. Nb3 d5 12. cxd5 exd5 13. e5 Ne4 14. O-O Nxg3 15.
hxg3 a5 16. a4 Nb4 17. f4 f5 18. g4 Bc8 19. Rc1 c6 20. g3 Qe8 21. Kh2 Qg6 22.
gxf5 Bxf5 23. Bh5 Qh7 24. Qf3 Nd3 25. Rcd1 Nxb2 26. Rd2 Nc4 27. Rg2 g6 28. g4
Be6 29. Qh3 Kh8 30. Bxg6 Qxg6 31. f5 Qg5 32. Rf3 Bg8 33. Ne2 Bh7 34. Nf4 Qh4
35. Nc1 Qxh3+ 36. Rxh3 Bg5 37. Ncd3 Rae8 38. Kg3 Ne3 39. Rb2 Nxg4 40. f6 Nxf6
0-1

[Event "BL 0405 OSC Baden Baden - TV Tegernsee"]
[Site "?"]
[Date "2005.02.12"]
[Round "10.7"]
[White "Teske, Henrik"]
[Black "Doettling, Fabian"]
[Result "1/2-1/2"]
[WhiteElo "2538"]
[BlackElo "2526"]
[PlyCount "25"]
[EventDate "2005.??.??"]

1. e4 c6 2. d4 d5 3. exd5 cxd5 4. Nf3 Nf6 5. Bd3 Nc6 6. c3 Bg4 7. h3 Bh5 8. O-O
e6 9. Bg5 Be7 10. Nbd2 O-O 11. Re1 Rb8 12. a4 Bg6 13. Be2 1/2-1/2

[Event "BL 0405 OSC Baden Baden - TV Tegernsee"]
[Site "?"]
[Date "2005.02.12"]
[Round "10.8"]
[White "Keitlinghaus, Ludger"]
[Black "Gross, David"]
[Result "1/2-1/2"]
[WhiteElo "2493"]
[BlackElo "2465"]
[PlyCount "29"]
[EventDate "2005.??.??"]

1. e4 c5 2. c3 d5 3. exd5 Qxd5 4. d4 Nf6 5. Nf3 Bg4 6. Be2 e6 7. h3 Bh5 8. O-O
Nc6 9. Be3 cxd4 10. Nxd4 Bxe2 11. Qxe2 Nxd4 12. Bxd4 Be7 13. Rd1 Qc6 14. c4 O-O
15. Nd2 1/2-1/2

[Event "BL 0405 Preetzer TSV - OSC Baden Baden"]
[Site "?"]
[Date "2005.01.30"]
[Round "9.1"]
[White "Vallejo Pons, Francisco"]
[Black "Pedersen, Steffen"]
[Result "1-0"]
[WhiteElo "2678"]
[BlackElo "2441"]
[PlyCount "89"]
[EventDate "2005.??.??"]

1. e4 c6 2. d4 d5 3. e5 Bf5 4. Nf3 e6 5. Be2 Nd7 6. O-O Bg6 7. Nbd2 Nh6 8. c3
Be7 9. Nb3 O-O 10. Bxh6 gxh6 11. Qd2 Kg7 12. Rae1 a5 13. Nc1 c5 14. Bb5 Nb6 15.
dxc5 Bxc5 16. Nd3 Be7 17. Nd4 Nc4 18. Qe2 Qb6 19. a4 Rac8 20. Nf4 Bg5 21. Nh3
Be7 22. g3 Bc5 23. Rd1 Be7 24. Nf4 Bg5 25. Ng2 Be4 26. f3 Bg6 27. h4 Be7 28.
Kh2 h5 29. f4 Kh8 30. f5 exf5 31. Nxf5 Bc5 32. Rxd5 Bxf5 33. Rxf5 Qe6 34. Qf3
Nb6 35. Rd1 Rg8 36. Rxf7 Qxe5 37. Re1 Qd6 38. Ree7 Qxe7 39. Rxe7 Bxe7 40. Qxb7
Bc5 41. Nf4 Rcd8 42. Qe4 Rd2+ 43. Kh3 Bg1 44. Ne2 Bf2 45. Qf4 1-0